A graphic summary of world agriculture / (Record no. 11078)

MARC details
000 -LEADER
fixed length control field 01016cam a22002771a 4500
001 - CONTROL NUMBER
control field agr49000685
003 - CONTROL NUMBER IDENTIFIER
control field DLC
005 - DATE AND TIME OF LATEST TRANSACTION
control field 20260227111012.0
008 - FIXED-LENGTH DATA ELEMENTS--GENERAL INFORMATION
fixed length control field 790914s1949 dcuab f000 0 eng c
010 ## - LIBRARY OF CONGRESS CONTROL NUMBER
LC control number agr49000685
035 ## - SYSTEM CONTROL NUMBER
System control number (OCoLC)5376450
040 ## - CATALOGING SOURCE
Original cataloging agency U. S. Dept. of Agr. Libr.
Transcribing agency WU
Modifying agency WU
-- DNAL
-- DLC
050 00 - LIBRARY OF CONGRESS CALL NUMBER
Classification number S21
Item number .A46 no. 705
070 0# - NATIONAL AGRICULTURAL LIBRARY CALL NUMBER
Classification number 1
Item number Ag84M no.705
072 #0 - SUBJECT CATEGORY CODE
Subject category code E300
082 ## - DEWEY DECIMAL CLASSIFICATION NUMBER
Classification number 338.1
100 1# - MAIN ENTRY--PERSONAL NAME
Personal name Hainsworth, Reginald G.
Fuller form of name (Reginald George),
Dates associated with a name 1893-
245 12 - TITLE STATEMENT
Title A graphic summary of world agriculture /
Statement of responsibility, etc. by Reginald G. Hainsworth.
260 ## - PUBLICATION, DISTRIBUTION, ETC.
Place of publication, distribution, etc. Washington, D.C. :
Name of publisher, distributor, etc. U.S. Dept. of Agriculture, Office of Foreign Agricultural Relations,
Date of publication, distribution, etc. 1949.
300 ## - PHYSICAL DESCRIPTION
Extent 51 p. :
Other physical details ill., maps ;
Dimensions 26 cm.
490 1# - SERIES STATEMENT
Series statement Miscellaneous publication / United States Department of Agriculture ;
Volume/sequential designation no. 705
500 ## - GENERAL NOTE
General note Cover title.
650 #0 - SUBJECT ADDED ENTRY--TOPICAL TERM
Topical term or geographic name entry element Food supply.
650 #0 - SUBJECT ADDED ENTRY--TOPICAL TERM
Topical term or geographic name entry element Agriculture
General subdivision Economic aspects.
830 #0 - SERIES ADDED ENTRY--UNIFORM TITLE
Uniform title Miscellaneous publication (United States. Department of Agriculture) ;
Volume/sequential designation no. 705.

No items available.

Powered by Koha